1852 1113 1045 1399 1299 1843 1878 1712 1018 1704 1008 1840 1641 1659 1135 1289 1330 1146 1969 1526 1735 1377 1172 1672 1718 1580 1238 1284 1377 1828 1878 1500 1520 1584 1191 1757 1478 1537 1222 1841 1585 1666 1841 1702 1893 1730 1647 1979 1875 1656 1672 1992 1547 1801 1738 1710 1062 1146 1325 1119 1378 1989 1078 1192 1529 1018 1261 1352 1538 1578 1796 1598 1663 1761 1592 1205 1730 1997 1160 1760 1037 1892 1788 1106 1397 1601 1973 1050 1944 1624 1691 1506 1023 1228 1691 1874 1766 1026 1009 BCNSPRNW ULIB Ver.6.0+V

เปลี่ยนเป็นภาษาไทย

Change to English
 แสดงรายละเอียดบรรณานุกรม
  กลับหน้าหลัก

Brief Record : Get Marc (ISO 2709) : E-mail record : QR code < ปิดหน้าต่าง
LEADER : 00000nam 2200000uu 4500
001    13399109835
003     ULIB
008    110303s||||||||th 000 0 tha d
020    9747762846
060 04 WC503.7^bก169ค ล.5 2539
110 1  กระทรวงสาธารณสุข^bกรมสุขภาพจิต
245 00 คู่มือการฝึกอบรมการให้คำปรึกษาเรื่องโรคเอดส์ เล่มที่5 /^cกรมสุขภาพจิต
260    [นนทบุรี] :^bกรมสุขภาพจิต,^c2539
300    24 หน้า
650  7 การให้คำปรึกษา
650  7 โรคเอดส์
945    ^p0^l0^i029164
995    ทศพร
999 ^a ใช้งานได้ทุกระบบ
รายการนี้ยังไม่มีแท็ก
คุณยังไม่ได้ล็อกอิน คุณสามารถมีกิจกรรมร่วมกับเว็บไซต์ได้ แต่ต้องล็อกอินก่อน ::
  ล็อกอิน

รายการสื่อสารสนเทศ

ลำดับที่ ประเภท เลขเรียก/บาร์โค้ด สถานที่ สถานะ
- ไม่พบข้อมูล -

รายการใกล้เคียง
    หัวเรื่อง [การให้คำปรึกษา]
    หัวเรื่อง [โรคเอดส์]

BibComment


ยังไม่เคยถูกคอมเมนท์

คอมเมนท์ทรัพยากรรายการนี้
  คอมเมนท์: คู่มือการฝึกอบรมก..


 Copyright 2026. Bcnsprnw @Library